000 00602nam a2200229Ia 4500
003 OSt
005 20220918214100.0
006 a|||||r|||| 00| 0
007 ta
008 220917b |||||||| |||| 00| 0 eng d
024 _a135,777
037 _cTextual
040 _aARTS
_cARTS
_beng
041 _2eng
_aeng
082 _aX724.73.N5, K2
100 _aKahn C Harry
_9129770
245 0 _aBusiness and professional income under the personal income tax
260 _c1962
650 _aECONOMICS
942 _hX724.73.N5, K2
_cTEXL
_2CC
999 _c258869
_d258869